Statistics for Castle Quotes (first 4 seasons)

Click here to take the quiz!

General Stats

  • This quiz has been taken 37 times
    (33 since last reset)
  • The average score is 4 of 33

Answer Stats

HintAnswer% Correct
Last word in episode 21 season 3 (Dead Pool)Always
79%
Beckett's answer to Castle's question about love 3x04all the songs make sense
29%
Castle's line about Beckett ruining his story 3x10Don't ruin my story, with your logic
25%
What Beckett says at the pool to Castle in L.A. 3x22Poke you? I wanna kiss you
21%
Castle's line about Nikki on the cover (1x09)She's not naked she's holding a gun. Strategically
18%
What Castle says to Ryan when being called chicken (2x02)You're on honey milk
18%
Castle and Beckett's song 3x05You Talk Too Much by Clarence Carter
18%
Ryan's quote about Beckett and Castle completing each others sentences 3x18Do you two practise this when we're not around
14%
Why Castle doesn't say night 1x05I'm a writer, night is boring. Until tomorrow is more hopeful
14%
What Beckett says to a house salesmen 3x07I'm looking for a place. Mine blew up
14%
Esposito's line about breakfast in Tick Tick TickPancakes is not just breakfast. It's an edible way of saying, "Thank you so much for last night"
14%
Castle and Beckett's signature line 2x20"She's armed. He's dangerous"
14%
Who Castle is to Beckett in KnockdownHe's someone I trust
11%
Captain's line: What he calls perps and why 1x07I'm old school. I like dirtbag
11%
First line of the show Hint: Gina is saying itMurder, mystery, the macabre.
11%
Esposito's line about Castle going undercover in 2x01Give a guy a gadget, he think he's Bond
7%
Kyra's line to Beckett in the elevator (2x12)I know he only dedicates his books to people he really cares for
7%
Martha's best quote in Season 2 episode 23In life you just have to accept the fact that not everything is gonna go your way
7%
Castle's quote to Martha's question about his age 1x05Old enough to afford top-of-the-line laser tag
7%
Castle's evil plot 2x22Or maybe by this weekend. i'll figure out a way to take this tank of liquid nitrogen and build it into a weather machine. i'll make it rain. your friends will have to cancel their trip. You won't have to choose and then we can take over the world!
7%
What Castle says about relationships 3x23Relationships aren't math problems. you don't solve them by being practical
7%
Captain's line about Beckett in interrogation 3x21She's like a tiger in there. I never get tired of watching her
7%
Esposito's best quote in the whole show (3x01)So, how long before Castle did you know this was about counterfeiting?
7%
Castle sarcastic comment about Beckett's beliefs 3x02So you don't believe in fate, yet your gut has magical properties
7%
Castle's advice to the Captain about what to give his wife 3x23The best thing to give a woman is something she said she wanted when she didn't think you were listening
7%
captain's best line in 2x19There's no upside in screwing with things you can't explain
7%
Ryan's sarcastic line from the season 1 finaleYeah, sure while we're at it we'll just bang our heads against a brick wall. you know, just for fun
7%
Castle best line in season 1 episode 9 to do with Beckett's ex-boyfriendYin needs Yang not another yin. Yin Yang is Harmony, Yin yin is the name for a panda
7%
Beckett's line about Alexis 3x19You have the best kid in the world
7%
Beckett's sarcastic comment about the boys making up a story 1x08You know, I feel so stupid. Here I am looking for evidence, and all I had to do was just make something up
7%
What Rick says about being bitten 2x06You wanna bite me, you buy me dinner
7%
Alexis' line about space cowboys 2x06A, there are no cows in space. B,didn't you wear that, like five years ago
4%
Esposito's best line in 2x24 (season 2 finale)Why do you think he's been following you around all this time? What, research? The guy's done enough research to write 50 books. Look whatever the reason is, I'm pretty sure it doesn't include watching you be with another guy
4%

Score Distribution

Percentile by Number Answered

Percent of People with Each Score

Your Score History

You have not taken this quiz since the last reset